Представление документа в формате RUSMARC

ПолеНазваниеЗначение
  Тип записи a
  Библиографический уровень m
001 Контрольный номер RU/УОНБ/EK/663771943
005 Дата корректировки 20250520125752.0
010 Индекс ISBN __
d Цена 1 р. 75 к.
9 Тираж 10000 экз.
100 Данные общей обработки __
a Данные общей обработки 20210112d1943 u y0rusy0189||||ca
101 Язык документа 0_
a Язык текста rus
102 Страна публикации __
a Страна публикации RU
105 Кодированные данные (монография) __
a Кодированные данные (монография) y z 000yy
200 Заглавие и сведения об ответственности 1_
a Заглавие Нормы выработки и оплата труда в колхозах
e Сведения, относящиеся к заглавию сб. материалов для колхозов Смоленской и Орловской областей
f Первые сведения об ответственности СССР, Глав. упр. колхозного строительства
210 Выходные данные 1_
a Место издания Москва
c Издательство Сельхозгиз
d Дата издания 1943
215 Физическое описание __
a Объем 124 с.
d Формат 17 см
606 Тематические рубрики 0_
a Основная рубрика Колхозы
x Основная подрубрика Оплата труда
y Географическая подрубрика Орловская область
606 Тематические рубрики 0_
a Основная рубрика Колхозы
x Основная подрубрика Оплата труда
y Географическая подрубрика Смоленская область
606 Тематические рубрики 0_
a Основная рубрика Сельскохозяйственные работы
x Основная подрубрика Нормы и расценки
y Географическая подрубрика Орловская область
606 Тематические рубрики 0_
a Основная рубрика Сельскохозяйственные работы
x Основная подрубрика Нормы и расценки
y Географическая подрубрика Смоленская область
610 Ключевые слова 0_
a Ключевые слова колхозы
610 Ключевые слова 0_
a Ключевые слова оплата труда в колхозах
610 Ключевые слова 0_
a Ключевые слова сельскохозяйственные работы - нормы и расценки
610 Ключевые слова 0_
a Ключевые слова Орловская область
610 Ключевые слова 0_
a Ключевые слова Смоленская область
675 Индекс УДК __
a Индекс УДК 333С42
686 Индексы других классификаций __
a Классификационный индекс 65.321.81
2 Код системы rubbk
712 Наименование организации (Вторичная ответственность) 02
a Организация/ юрисдикция СССР
b Другие уровни Главное управление колхозного строительства
4 Код отношения 570
801 Источник записи _0
a Страна RU
b Организация Ульяновская ОНБ
c Дата составления 20210112
g Правила каталогизации RCR
801 Источник записи _1
a Страна RU
b Организация Ульяновская ОНБ
c Дата составления 20210112
g Правила каталогизации RCR
901 Тип документа __
t Тип документа m
909 Создатель записи __
a Создатель записи Батталова
938 Служебная информация __
a Имя БД retro
b Имя библиотеки УОНБ
c Имя АИБС МАРК-SQL
d Номер DOC_ID в БД 352516